Score 0/14 Timer 09:00
0 Plays Today
Start of line Rest of line % Correct
I know you, I walked with youOnce upon a dream.
96.7%
Oh no, not pink.Make it blue!
57.4%
Before the sun sets on her 16th birthday, she shallPrick her finger on the spindle of a spinning wheel and die
52.5%
I set my trap for a peasant, and lo,I catch a prince!
49.2%
Fools! Idiots!Imbeciles!
44.3%
You poor simple fools, thinking you could defeat me. Me!The Mistress of all Evil!
44.3%
Now father, you're living in the past.This is the 14th century.
42.6%
Start of line Rest of line % Correct
Now shall you deal with me o prince, And all the powers of Hell!
37.7%
For the first time in sixteen yearsI shall sleep well.
32.8%
Good gracious! WhoLeft the mop running?
26.2%
I'd like to turn her into aFat old hoptoad!
23%
Thou sword of truth fly swift and sure.That evil die and good endure!
23%
A crown to wear in grace and beauty,As is thy right and royal duty.
11.5%
But a hundred years to a steadfast heartAre but a day.
6.6%
Remove Ads.
Support Sporcle.
Get the best of Sporcle when you Go Orange. This ad-free experience offers more features, more stats, and more fun while also helping to support Sporcle. Thank you for becoming a member.

You're not logged in!

Compare scores with friends on all Sporcle quizzes.
OR
Log In

Show Comments

Extras

Top Quizzes Today


Score Distribution

Your Account Isn't Verified!

In order to create a playlist on Sporcle, you need to verify the email address you used during registration. Go to your Sporcle Settings to finish the process.

Report this User

Report this user for behavior that violates our Community Guidelines.

Details: